Les Necessitats i els drets dels infants / Liliane Lurçat
ISBN:
84-85008-45-6
Descripción Física:
47 p. ; 22 cm
Colección:
Temes d'infància : educar de 0 a 6 anys ; 1
MARC
| LEADER | 00000nam a2200000Ia 4500 | ||
|---|---|---|---|
| 001 | 8324 | ||
| 008 | 160829s1986 xx 000 0 cat d | ||
| 020 | |a 84-85008-45-6 | ||
| 080 | |a FU-5-9 | ||
| 100 | |a Lurçat, Liliane |9 29152 | ||
| 245 | |a Les Necessitats i els drets dels infants / Liliane Lurçat | ||
| 260 | |a Barcelona : |b Associació de Mestres Rosa Sensat : |b Diputació de Barcelona, |c 1986 | ||
| 300 | |a 47 p. ; |c 22 cm | ||
| 490 | |a Temes d'infància : educar de 0 a 6 anys ; 1 | ||
| 650 | |a Infants |x Criança |9 30077 | ||
| 650 | |a Educació infantil |9 29154 | ||
| 710 | 1 | |a Barcelona (Catalunya : Província). |b Diputació |9 52408 | |
| 710 | 2 | |a Rosa Sensat (Associació) |9 54183 | |
| 901 | |a Arxiu | ||
| 942 | |n 1 | ||
| 952 | |0 0 |1 0 |4 0 |6 FU59 |7 1 |9 45079 |a Arxiu |b Arxiu |d 2016-12-01 |l 0 |o FU-5-9 |p 8324 |r 2016-12-01 00:00:00 |w 2016-12-01 |y ARXIU | ||
| 999 | |c 47699 |d 47699 | ||